Southville International School and Colleges
Your cart is empty.
  • Cart
  • Lists
    Public lists Eva Luna New books Lux_list list_1
    Your lists Log in to create your own lists
  • Log in to your account
  • Your cookies
  • Search history
Southville International School and Colleges
  • Advanced search
  • Recent comments
  • Most popular
  • Libraries

Log in to your account

Log in with GOOGLE


If you do not have an external account, but do have a local account, you can still log in:

  1. Home
  2. MARC view: Germs are not for sharing
Normal view MARC view ISBD view

Germs are not for sharing (Record no. 366703)

[ view plain ]
MARC details
000 -LEADER
fixed length control field 00657nam a22002057a 4500
003 - CONTROL NUMBER IDENTIFIER
control field 0
005 - DATE AND TIME OF LATEST TRANSACTION
control field 20241113160036.0
008 - FIXED-LENGTH DATA ELEMENTS--GENERAL INFORMATION
fixed length control field 241113b xxu||||| |||| 00| 0 eng d
020 ## - INTERNATIONAL STANDARD BOOK NUMBER
International Standard Book Number 978-0-545-32077-1
050 ## - LIBRARY OF CONGRESS CALL NUMBER
Classification number TR LB 1139.5
Item number V484 2006
082 ## - DEWEY DECIMAL CLASSIFICATION NUMBER
Classification number TR 613.1
Item number V484 2006
100 ## - MAIN ENTRY--PERSONAL NAME
Personal name Verdick, Elizabeth
245 ## - TITLE STATEMENT
Title Germs are not for sharing
Statement of responsibility, etc Elizabeth Verdick; illustrated by Marieka Heinlen.
260 ## - PUBLICATION, DISTRIBUTION, ETC. (IMPRINT)
Place of publication, distribution, etc New York, NY :
Name of publisher, distributor, etc Scholastic Inc.,
Date of publication, distribution, etc c2006.
300 ## - PHYSICAL DESCRIPTION
Extent 34 p. :
Other physical details col. ill. ;
Dimensions 21 cm.
650 ## - SUBJECT ADDED ENTRY--TOPICAL TERM
Topical term or geographic name as entry element Hygiene
Form subdivision Juvenile literature
650 ## - SUBJECT ADDED ENTRY--TOPICAL TERM
Topical term or geographic name as entry element Bacteria
Form subdivision Juvenile literature
700 ## - ADDED ENTRY--PERSONAL NAME
Personal name Heinlen, Marieka,
Relator term illustrator.
942 ## - ADDED ENTRY ELEMENTS (KOHA)
Source of classification or shelving scheme Dewey Decimal Classification
Koha item type Books
Holdings
Withdrawn status Lost status Source of classification or shelving scheme Damaged status Home library Current library Shelving location Date acquired Source of acquisition Total Checkouts Full call number Barcode Date last seen Price effective from Koha item type
    Dewey Decimal Classification   Munich Library Munich Library Teachers Reference Section 11/13/2024 Library Fund   TR 613.1 V484 2006 M8529 11/13/2024 11/13/2024 Books

Germs are not for sharing

APA

Verdick E., Heinlen M., . (2006). Germs are not for sharing. New York, NY: Scholastic Inc.

Chicago

Verdick Elizabeth, Heinlen Marieka, . 2006. Germs are not for sharing. New York, NY: Scholastic Inc.

Harvard

Verdick E., Heinlen M., . (2006). Germs are not for sharing. New York, NY: Scholastic Inc.

MLA

Verdick Elizabeth, Heinlen Marieka, . Germs are not for sharing. New York, NY: Scholastic Inc. 2006.

  • Place hold
  • Print
  • Cite
  • Add to your cart (remove)
  • Save record
    BIBTEX Dublin Core MARCXML MARC (non-Unicode/MARC-8) MARC (Unicode/UTF-8) MARC (Unicode/UTF-8, Standard) MODS (XML) RIS
  • More searches
    Search for this title in:
    Other Libraries (WorldCat) Other Databases (Google Scholar) Online Stores (Bookfinder.com) Open Library (openlibrary.org)

Exporting to Dublin Core...

SOUTHVILLE LIBRARY

Southville International School and Colleges Library

1281 Tropical Ave. Cor. Luxembourg St., BF Homes International, Las Pinas City

Tel. No. 8256374 / 252358 Loc. 117/146

Powered by Koha